[Event "Suedschwaben-ch"]
[Site "Sonthofen"]
[Date "2012.11.03"]
[Round "5.7"]
[White "Groeger, Hanna Dorisz"]
[Black "Martin, Paul"]
[Result "0-1"]
[WhiteElo "1274"]
[BlackElo "1257"]
[PlyCount "56"]
[EventDate "2012.11.01"]
[EventType "swiss"]
[EventRounds "7"]
[EventCountry "GER"]
[SourceTitle "EXT 2022"]
[Source "ChessBase"]
[SourceDate "2021.10.06"]
[SourceVersion "1"]
[SourceVersionDate "2021.10.06"]
[SourceQuality "1"]

1. e4 e5 2. Nf3 Nc6 3. Bc4 Bc5 4. Nc3 Nf6 5. d3 d6 6. a3 a6 7. b4 Ba7 8. Bb3 Bg4 9. h3 Bh5 10. g4 Bg6 11. Bg5 h6 12. Bh4 Bd4 13. Nxd4 Nxd4 14. Nd5 c6 15. Nxf6+ gxf6 16. c3 Nxb3 17. Qxb3 d5 18. f3 Qd6 19. 0-0-0 0-0-0 20. Rhf1 Rde8 21. Bg3 h5 22. Rh1 hxg4 23. hxg4 Rxh1 24. Rxh1 dxe4 25. dxe4 Qd3 26. Rd1 Qxf3 27. Qc2 Qxg3 28. Kb1 Qxg4 0-1